[Event "AUTO-OPEN-739"]
[Site "http://www.queenalice.com/game.php?id=239398"]
[Date "2007.7.13"]
[Round "1"]
[White "marcosbratz"]
[Black "mgalmeidas"]
[Result "0-1"]
[WhiteElo "1664"]
[BlackElo "1885"]

1. e4 e5 2. Nf3 Nc6 3. Bb5 Nge7 4. O-O a6 5. Ba4 b5 6. Bb3 Na5 7. Re1 Nxb3 8.
axb3 d6 9. c4 b4 10. d4 Bg4 11. d5 c6 12. Bd2 c5 13. Re3 Ng6 14. h3 Bd7 15. Be1
Qc8 16. g4 Nf4 17. Nh2 h5 18. f3 Nxh3+ 19. Kh1 Nf4 20. Bg3 hxg4 21. Nd2 Be7 22.
Qg1 Bg5 23. fxg4 Nh3 24. Qe1 Bxe3 25. Qxe3 f6 26. Rf1 Bxg4 27. Nxg4 Qxg4 28. Kg2
Ng5 29. Rh1 O-O-O 30. Nf1 Nxe4 31. Rxh8 Rxh8 32. Nh2 Qh3+ 33. Kf3 Qxg3+ 34. Kxe4
f5+ 35. Kd3 e4+ 36. Ke2 Rxh2+ 37. Qf2 Rxf2+ 0-1

[Event "AUTO-OPEN-739"]
[Site "http://www.queenalice.com/game.php?id=239399"]
[Date "2007.7.13"]
[Round "1"]
[White "mgalmeidas"]
[Black "marcosbratz"]
[Result "1-0"]
[WhiteElo "1892"]
[BlackElo "1657"]

1. e4 e5 2. Nf3 Nc6 3. Nc3 Nf6 4. Bc4 Bc5 5. d3 O-O 6. a3 d6 7. h3 a6 8. Bg5 b5
9. Ba2 h6 10. Bh4 Be6 11. Nd2 Bxa2 12. Rxa2 Nd4 13. Nd5 c6 14. Nxf6+ gxf6 15.
Nf3 Kh7 16. c3 Ne6 17. Nh2 Rg8 18. Qf3 Rg6 19. Ng4 Ng5 20. Qf5 Qe7 21. b4 Bb6
22. a4 Qe6 23. Qxe6 fxe6 24. Bxg5 Rxg5 25. Nxf6+ Kg7 26. Nd7 Bd8 27. Rg1 h5 28.
axb5 cxb5 29. c4 bxc4 30. dxc4 Ra7 31. Nb8 a5 32. Nc6 Rc7 33. Nxd8 Kf6 34. b5
Rxc4 35. f3 Rc1+ 36. Kf2 Rxg1 37. Kxg1 d5 38. b6 Rg8 39. Nc6 dxe4 40. fxe4 Rc8
41. b7 Rxc6 42. b8=Q Rc4 43. Qh8+ 1-0

[Event "AUTO-OPEN-739"]
[Site "http://www.queenalice.com/game.php?id=239410"]
[Date "2007.7.13"]
[Round "1"]
[White "arqueduke"]
[Black "mgalmeidas"]
[Result "0-1"]
[WhiteElo "1177"]
[BlackElo "1941"]

1. e4 e5 2. Bc4 Nc6 3. Nf3 Nd4 4. c3 Nxf3+ 5. Qxf3 Qf6 6. d3 Qxf3 7. gxf3 d6 8.
Na3 c6 9. b4 a6 10. f4 b5 11. Bb3 a5 12. bxa5 Rxa5 13. Nc2 Ne7 14. fxe5 dxe5 15.
c4 Ba6 16. Bd2 bxc4 17. dxc4 Rc5 18. Bb4 Rxc4 19. Bxc4 Bxc4 20. Na3 Ba6 21. Ba5
Ng6 22. Nc2 Bd3 23. O-O-O Bxe4 24. Ne3 Be7 25. f3 Bxf3 26. Rhf1 Bxd1 27. Rxd1
O-O 28. Nf5 h6 29. Rd7 Bg5+ 30. Kc2 Ra8 31. Bc3 Rxa2+ 32. Bb2 Bf6 33. Kb3 Ra6
34. Nd6 Ne7 0-1

[Event "AUTO-OPEN-739"]
[Site "http://www.queenalice.com/game.php?id=239411"]
[Date "2007.7.13"]
[Round "1"]
[White "mgalmeidas"]
[Black "arqueduke"]
[Result "1-0"]
[WhiteElo "1939"]
[BlackElo "1236"]

1. e4 e5 2. Nc3 c5 3. Nf3 d6 4. Be2 Nf6 5. a3 Rg8 6. d3 Qc7 7. Bg5 Qa5 8. Qd2 b5
9. Bxf6 gxf6 10. Nd5 Qxd2+ 11. Nxd2 Bh6 12. Nc7+ Kd8 13. Nxa8 Bb7 14. a4 Bxa8
15. axb5 Bxd2+ 16. Kxd2 Bb7 17. Rxa7 Kc8 18. g3 Nd7 19. h4 Kb8 20. Rha1 Nb6 21.
R7a3 Kc7 22. Rg1 d5 23. exd5 Bxd5 24. c4 Be6 25. Bf3 Rb8 26. Rga1 f5 27. Ra7+
Rb7 28. Rxb7+ Kd6 29. Ra6 Bd7 30. Raxb6+ Ke7 31. Bc6 Ke8 32. Rxd7 Kf8 33. Bd5 f4
34. Rxf7+ Kg8 35. Rb8# 1-0

[Event "AUTO-ADV-576"]
[Site "http://www.queenalice.com/game.php?id=244717"]
[Date "2007.7.24"]
[Round "1"]
[White "natasha"]
[Black "mgalmeidas"]
[Result "1/2-1/2"]
[WhiteElo "1792"]
[BlackElo "1924"]

1. Nf3 b6 2. d4 Bb7 3. Nbd2 Nf6 4. c4 Ne4 5. e3 e6 6. Bd3 Nxd2 7. Bxd2 Qf6 8. e4
h6 9. e5 Qe7 10. O-O g5 11. a4 Bg7 12. a5 f5 13. exf6 Bxf6 14. axb6 cxb6 15. Ne5
d6 16. Bg6+ Kf8 17. Ng4 Bxd4 18. Bc3 Bxc3 19. bxc3 Nd7 20. Re1 e5 21. Qc2 Kg7
22. Bh5 Qe6 23. Re2 Raf8 24. Rxa7 Nc5 25. Qb1 Ra8 26. Rxa8 Rxa8 27. h3 Na4 28.
Re3 Bc6 29. h4 Be8 30. Qe4 Ra7 31. Bxe8 Qxe8 32. hxg5 Nc5 33. gxh6+ Kh8 34. Qf5
Qf7 35. Qc8+ Kh7 36. Rf3 Ra1+ 37. Kh2 Qh5+ 38. Rh3 Qf7 39. Rf3 Qh5+ 40. Rh3 Qf7
41. Rf3 1/2-1/2

[Event "AUTO-ADV-576"]
[Site "http://www.queenalice.com/game.php?id=244718"]
[Date "2007.7.24"]
[Round "1"]
[White "mgalmeidas"]
[Black "natasha"]
[Result "1-0"]
[WhiteElo "1810"]
[BlackElo "1854"]

1. d4 c5 2. Nf3 cxd4 3. Nxd4 Nc6 4. Be3 g6 5. Nxc6 bxc6 6. Bd4 Nf6 7. e3 Bg7 8.
Nd2 O-O 9. Be2 d6 10. Bf3 d5 11. O-O Qd6 12. Nb3 Ba6 13. Re1 e5 14. Bc5 Qe6 15.
Bxf8 Bxf8 16. Nc5 Qc8 17. Nxa6 Qxa6 18. c3 e4 19. Be2 Qb6 20. b3 c5 21. Qc2 a5
22. Qb2 Bg7 23. Qc2 Nd7 24. Rad1 Nf6 25. f3 c4 26. bxc4 dxc4 27. Kh1 Rc8 28.
fxe4 Qb7 29. Bf3 Qe7 30. Rd4 Qe6 31. Red1 h5 32. Qa4 Ng4 33. Rd6 Qe5 34. Bxg4
hxg4 35. Rd8+ Rxd8 36. Rxd8+ Kh7 37. Qxc4 Qxc3 38. Qxc3 Bxc3 39. Rd7 Kg7 40. a4
Bd2 41. Rxd2 Kf6 42. Rd5 Ke6 43. Rxa5 f5 44. exf5+ gxf5 45. Rb5 1-0

[Event "AUTO-ADV-576"]
[Site "http://www.queenalice.com/game.php?id=244729"]
[Date "2007.7.24"]
[Round "1"]
[White "HelderNanques"]
[Black "mgalmeidas"]
[Result "1/2-1/2"]
[WhiteElo "1901"]
[BlackElo "1939"]

1. e4 e5 2. Bb5 Nf6 3. d3 c6 4. Ba4 Qa5+ 5. Nc3 Bb4 6. Bb3 Bxc3+ 7. bxc3 Qxc3+
8. Bd2 Qc5 9. Nf3 h6 10. a3 a5 11. a4 Na6 12. O-O d6 13. Rb1 Bg4 14. Be3 Qa3 15.
Bc1 Bxf3 16. gxf3 Qc5 17. Be3 Qa3 18. Bc1 1/2-1/2

[Event "AUTO-ADV-576"]
[Site "http://www.queenalice.com/game.php?id=244730"]
[Date "2007.7.24"]
[Round "1"]
[White "mgalmeidas"]
[Black "HelderNanques"]
[Result "0-1"]
[WhiteElo "1921"]
[BlackElo "2026"]

1. e4 e6 2. Nc3 c6 3. Nf3 d5 4. exd5 cxd5 5. Bb5+ Nc6 6. O-O Nf6 7. Bxc6+ bxc6
8. d3 Be7 9. Ne5 O-O 10. Nxc6 Qc7 11. Nxe7+ Qxe7 12. Bf4 Qb4 13. Qc1 Ba6 14. Re1
Rac8 15. Bg5 Nd7 16. a3 Qg4 17. h3 Qf5 18. Qe3 Nb6 19. Rac1 d4 20. g4 Qg6 21.
Qxd4 Qxg5 22. Qe5 Qxe5 23. Rxe5 Rfd8 24. Ra5 Bb7 25. Rxa7 Rb8 26. a4 Nd5 27. Ne2
Nb4 28. c3 Nxd3 29. Rc2 Be4 30. Ng3 Bg6 0-1

[Event "AUTO-ADV-576"]
[Site "http://www.queenalice.com/game.php?id=244737"]
[Date "2007.7.24"]
[Round "1"]
[White "mgalmeidas"]
[Black "Marchess"]
[Result "0-1"]
[WhiteElo "1919"]
[BlackElo "2032"]

1. e4 c6 2. Nc3 d5 3. exd5 cxd5 4. Nf3 Nf6 5. d4 Bg4 6. Bb5+ Bd7 7. Bxd7+ Nbxd7
8. O-O h6 9. Bf4 e6 10. Nb5 Rc8 11. Nxa7 Ra8 12. Nb5 Rc8 13. c3 Ne4 14. Nd2 Be7
15. Nxe4 dxe4 16. Qe2 Nf6 17. Be5 O-O 18. Bxf6 Bxf6 19. Qxe4 Qb6 20. a4 Ra8 21.
b3 Rfc8 22. c4 Rd8 23. Rfd1 Rd7 24. c5 Qc6 25. Qxc6 bxc6 26. Nd6 Be7 27. Ne4 f5
28. Nd2 Rxd4 29. Rac1 Rad8 30. Rc2 Bg5 31. Re1 Rxd2 32. Rxd2 Rxd2 33. g3 Kf7 0-1

[Event "AUTO-ADV-576"]
[Site "http://www.queenalice.com/game.php?id=244738"]
[Date "2007.7.24"]
[Round "1"]
[White "Marchess"]
[Black "mgalmeidas"]
[Result "1-0"]
[WhiteElo "2043"]
[BlackElo "1893"]

1. e4 e5 2. Nf3 Nc6 3. d4 exd4 4. Nxd4 Qh4 5. Qd3 Nb4 6. Qe2 d6 7. g3 Qg4 8. a3
Qxe2+ 9. Bxe2 Nc6 10. Nxc6 bxc6 11. Bf4 c5 12. Bb5+ Bd7 13. Nc3 Rb8 14. a4 Ne7
15. Nd5 Nxd5 16. exd5 Bxb5 17. axb5 Rxb5 18. Rxa7 Rxb2 19. O-O Kd7 20. Ra8 g6
21. Bh6 Bxh6 22. Rxh8 Rxc2 23. Rxh7 Bg5 24. Rxf7+ Kc8 25. f4 Bd8 26. Ra1 Kb7 27.
Rb1+ Kc8 28. Re1 Rc4 29. Re8 Rd4 30. Rff8 Rxd5 31. Rxd8+ Kb7 32. Rb8+ 1-0